[Event "Gebze op 5th"]
[Site "Kocaeli"]
[Date "2014.09.23"]
[Round "6"]
[White "Aliyev, Elnur Fakhraddin Og"]
[Black "Ahadzada, Kanan Rasim"]
[Result "1-0"]
[WhiteElo "2157"]
[BlackElo "1803"]
[PlyCount "57"]
[EventDate "2014.09.20"]
[EventType "swiss"]
[EventRounds "9"]
[EventCountry "TUR"]
[SourceTitle "CBM 162 Extra"]
[Source "ChessBase"]
[SourceDate "2014.10.17"]
[SourceVersion "1"]
[SourceVersionDate "2014.10.17"]
[SourceQuality "1"]

1. d4 d5 2. c4 c6 3. Nc3 Nf6 4. cxd5 cxd5 5. Bf4 Nc6 6. e3 a6 7. Bd3 e6 8. Nf3 Bd6 9. Bg5 0-0 10. Rc1 h6 11. Bh4 Be7 12. Bb1 Nd7 13. Bg3 f5 14. 0-0 Nf6 15. a3 Ne4 16. Nxe4 fxe4 17. Nd2 Bh4 18. Qc2 Bxg3 19. fxg3 Rxf1+ 20. Rxf1 Qg5 21. Nxe4 Qxe3+ 22. Nf2 Qxd4 23. Kh1 Qf6 24. Qh7+ Kf8 25. Bd3 Ke7 26. Ne4 Qd4 27. Qg8 Nd8 28. Qf8+ Kd7 29. Qg8 1-0

[Event "Gebze op 5th"]
[Site "Kocaeli"]
[Date "2014.09.21"]
[Round "2"]
[White "Ahadzada, Kanan Rasim"]
[Black "Zor, Alber Kadir"]
[Result "0-1"]
[WhiteElo "1803"]
[BlackElo "2131"]
[PlyCount "80"]
[EventDate "2014.09.20"]
[EventType "swiss"]
[EventRounds "9"]
[EventCountry "TUR"]
[SourceTitle "CBM 162 Extra"]
[Source "ChessBase"]
[SourceDate "2014.10.17"]
[SourceVersion "1"]
[SourceVersionDate "2014.10.17"]
[SourceQuality "1"]

1. e4 e6 2. b3 d5 3. Bb2 dxe4 4. Nc3 Nf6 5. g4 h6 6. Bg2 Bd7 7. Nxe4 Nxe4 8. Bxe4 Bc6 9. Qf3 Bxe4 10. Qxe4 Qd5 11. Qxd5 exd5 12. 0-0-0 f6 13. Ne2 Bd6 14. Nd4 Kf7 15. Nf5 Bf4 16. Rde1 Nc6 17. Ne3 Rad8 18. Ng2 Bd6 19. d4 b5 20. h4 h5 21. g5 Rde8 22. f4 Ne7 23. Kd1 Nf5 24. Bc1 Nxd4 25. Ne3 Bxf4 26. Nxd5 Bxc1 27. Kxc1 Rxe1+ 28. Rxe1 fxg5 29. hxg5 h4 30. c3 Nf5 31. Rf1 Kg6 32. Nf4+ Kxg5 33. Ne6+ Kf6 34. Nxg7 Kxg7 35. Rxf5 h3 36. Rf1 h2 37. Rh1 Kg6 38. Kd2 Kg5 39. Ke2 Kg4 40. Kf2 Kh3 0-1

[Event "Wch U12"]
[Site "Al Ain"]
[Date "2013.12.26"]
[Round "9"]
[White "Ahadzada, Kanan Rasim"]
[Black "Nitish, Belurkar"]
[Result "1/2-1/2"]
[WhiteElo "1708"]
[BlackElo "1978"]
[PlyCount "76"]
[EventDate "2013.12.18"]
[EventType "swiss"]
[EventRounds "11"]
[EventCountry "UAE"]
[SourceTitle "CBM 158 Extra"]
[Source "ChessBase"]
[SourceDate "2014.02.28"]
[SourceVersion "1"]
[SourceVersionDate "2014.02.28"]
[SourceQuality "1"]

1. e4 d5 2. exd5 Nf6 3. d4 Bg4 4. Be2 Bxe2 5. Nxe2 Qxd5 6. 0-0 Nc6 7. c3 0-0-0 8. Qb3 e6 9. Qxd5 Nxd5 10. Nd2 Be7 11. Nf3 Rhe8 12. Ng3 Bd6 13. a3 Na5 14. Ne4 Bf4 15. Bxf4 Nxf4 16. g3 Ng6 17. Rfe1 h6 18. Ned2 Nc6 19. Nc4 Rd5 20. Ne3 Rdd8 21. b4 Nce7 22. Rad1 Nd5 23. Nxd5 exd5 24. Ne5 Nxe5 25. dxe5 Re6 26. f4 Ra6 27. Ra1 Rc6 28. Rac1 Ra6 29. Ra1 Rc6 30. Rac1 Ra6 31. Ra1 Rc6 32. Rec1 Rc4 33. Re1 Rc6 34. Re3 d4 35. cxd4 Rxd4 36. Rae1 Rc2 37. R1e2 Rxe2 38. Rxe2 Rd3 1/2-1/2